Pustynie w Afryce jakie kraje się na nich znajdują - Statystyki

Ogólne statystyki
  • Ten quiz został rozwiązany 43 razy
  • Średni wynik to 27 z 31
Statystyki odpowiedzi
Podpowiedź Kraj % Poprawnych
Egipt
100%
część południowa Egipt
100%
Algieria
93%
częściowo Algieria
93%
Libia
93%
Libia
93%
częściowo Libia
93%
Niger
93%
Niger
93%
większość pustyni Namibia
90%
część północna Namibia
90%
Sudan
90%
Sudan
90%
Sudan
90%
Maroko
88%
Tunezja
88%
Czad
85%
Czad
85%
część północna Angola
83%
Etiopia
83%
Mauretania
83%
Mauretania
83%
południowy wschód, w regionie Kalahari Republika Południowej Afryki
83%
północno-zachodnia część Republika Południowej Afryki
83%
Botswana
80%
Czad
76%
Erytrea
76%
Mali
76%
Mali
76%
Kenia
63%
w mniejszym stopniu Dżibuti
61%
Nie znaleziono quizów pasujących do podanych kryteriów
Rozkład punktacji
Procent ludzi z każdym wynikiem
Percentyl według liczby udzielonych odpowiedzi
Twoja historia wyników
Nie rozwiązałeś tego quizu